[Event "DSJ Weihnachtsturnier U16: Steinitz 2020"]
[Site ""]
[Date "2020.12.28"]
[Round "1"]
[White "Wunsch, Louis"]
[Black "Colbow, Collin"]
[Result "0-1"]
[Termination "time forfeit"]
[Board "1.1"]
[BlackTitle "FM"]
[WhiteElo "1649"]
[BlackElo "2339"]
[WhiteTeam "SG Rochade Kuppenheim 1979"]
[BlackTeam "SV Werder Bremen"]
[PlyCount "50"]
[WhiteFideId "34635777"]
[BlackFideId "16201132"]
[EventRounds "7"]
[EventType "team-swiss"]
[EventDate "2020.12.28"]

1. c4 {[%emt 0:00:13]} c5 {[%emt 0:00:04]} 2. g3 {[%emt 0:00:05]} g6 {[%emt
0:00:02]} 3. Bg2 {[%emt 0:00:04]} Bg7 {[%emt 0:00:01]} 4. Nc3 {[%emt 0:00:08]}
Nc6 {[%emt 0:00:02]} 5. Nf3 {[%emt 0:00:10]} d6 {[%emt 0:00:07]} 6. O-O { [%emt
0:00:05]} e5 {[%emt 0:00:02]} 7. d3 {[%emt 0:00:24]} Nge7 {[%emt 0:00:08] } 8.
a3 {[%emt 0:00:10]} O-O {[%emt 0:00:07]} 9. Rb1 {[%emt 0:00:05]} a5 { [%emt
0:00:02]} 10. e4 {[%emt 0:00:23]} f5 {[%emt 0:01:34]} 11. Ne1 {[%emt 0:01:16]}
f4 {[%emt 0:00:15]} 12. gxf4 {[%emt 0:01:08]} exf4 {[%emt 0:00:00]} 13. Nf3
{[%emt 0:00:12]} Bg4 {[%emt 0:00:16]} 14. h3 {[%emt 0:00:59]} Bh5 {[%emt
0:00:02]} 15. Ne2 {[%emt 0:00:31]} Bxf3 {[%emt 0:01:35]} 16. Bxf3 {[%emt
0:00:00] } Ne5 {[%emt 0:00:07]} 17. Bh1 {[%emt 0:01:27]} f3 {[%emt 0:01:02]}
18. Nf4 { [%emt 0:00:14]} N7c6 {[%emt 0:00:51]} 19. Ne6 {[%emt 0:00:20]} Qh4
{[%emt 0:00:12]} 20. Nxf8 {[%emt 0:00:50]} Rxf8 {[%emt 0:00:05]} 21. Qd2 {[%emt
0:01:02]} Qxh3 {[%emt 0:00:32]} 22. Qg5 {[%emt 0:00:38]} Ng4 {[%emt 0:00:40]}
23. Bf4 { [%emt 0:00:06]} Rxf4 {[%emt 0:00:36]} 24. Qxf4 {[%emt 0:00:15]} Be5
{[%emt 0:00:02]} 25. Qg3 {[%emt 0:00:04]} Qh2+ {[%emt 0:00:07] TimeW} 0-1

[Event "DSJ Weihnachtsturnier U16: Steinitz 2020"]
[Site ""]
[Date "2020.12.28"]
[Round "1"]
[White "Helms, Finn"]
[Black "Gottwald, Patrick"]
[Result "1-0"]
[Termination "normal"]
[Board "1.2"]
[WhiteElo "1934"]
[BlackElo "1526"]
[WhiteTeam "SV Werder Bremen"]
[BlackTeam "SG Rochade Kuppenheim 1979"]
[PlyCount "45"]
[WhiteFideId "16249143"]
[BlackFideId "34645969"]
[EventRounds "7"]
[EventType "team-swiss"]
[EventDate "2020.12.28"]

1. e4 {[%emt 0:00:14]} c6 {[%emt 0:00:02]} 2. d4 {[%emt 0:00:04]} d5 {[%emt
0:00:00]} 3. Nc3 {[%emt 0:00:03]} dxe4 {[%emt 0:00:03]} 4. Nxe4 {[%emt
0:00:01]} Nf6 {[%emt 0:00:05]} 5. Ng3 {[%emt 0:00:03]} Bg4 {[%emt 0:00:12]} 6.
Nf3 { [%emt 0:00:02]} e6 {[%emt 0:00:04]} 7. c3 {[%emt 0:00:06]} Bd6 {[%emt
0:00:05]} 8. Bd3 {[%emt 0:00:08]} O-O {[%emt 0:00:12]} 9. Bg5 {[%emt 0:00:03]}
h6 { [%emt 0:00:05]} 10. Be3 {[%emt 0:00:04]} Nbd7 {[%emt 0:00:26]} 11. h3
{[%emt 0:00:18]} Bh5 {[%emt 0:00:51]} 12. Nxh5 {[%emt 0:00:17]} Nxh5 {[%emt
0:00:00]} 13. Qd2 {[%emt 0:00:08]} Nb6 {[%emt 0:00:32]} 14. Bxh6 {[%emt
0:00:24]} gxh6 { [%emt 0:01:05]} 15. Qxh6 {[%emt 0:00:04]} Nf6 {[%emt 0:00:05]}
16. Ng5 { [%emt 0:00:06]} Bf4 {[%emt 0:01:45]} 17. g3 {[%emt 0:00:46]} Bxg5
{[%emt 0:00:23]} 18. Qxg5+ {[%emt 0:00:00]} Kh8 {[%emt 0:00:06]} 19. Qh6+
{[%emt 0:00:21]} Kg8 {[%emt 0:00:04]} 20. g4 {[%emt 0:00:32]} Re8 {[%emt
0:00:25]} 21. g5 { [%emt 0:00:08]} Nfd5 {[%emt 0:00:19]} 22. Bh7+ {[%emt
0:00:03]} Kh8 {[%emt 0:00:04]} 23. Bg6+ {[%emt 0:00:01]} 1-0

[Event "DSJ Weihnachtsturnier U16: Steinitz 2020"]
[Site ""]
[Date "2020.12.28"]
[Round "1"]
[White "Wieser, Rouven"]
[Black "Bildat, Emilia"]
[Result "0-1"]
[Termination "normal"]
[Board "1.3"]
[WhiteElo "1238"]
[BlackElo "1852"]
[WhiteTeam "SG Rochade Kuppenheim 1979"]
[BlackTeam "SV Werder Bremen"]
[PlyCount "82"]
[WhiteFideId "34608761"]
[BlackFideId "16218140"]
[EventRounds "7"]
[EventType "team-swiss"]
[EventDate "2020.12.28"]

1. e4 {[%emt 0:00:07]} c5 {[%emt 0:00:02]} 2. Nf3 {[%emt 0:00:02]} g6 {[%emt
0:00:02]} 3. d4 {[%emt 0:00:03]} cxd4 {[%emt 0:00:02]} 4. Nxd4 {[%emt 0:00:02]}
Bg7 {[%emt 0:00:04]} 5. Be3 {[%emt 0:00:03]} Nc6 {[%emt 0:00:05]} 6. Nxc6 {
[%emt 0:00:06]} bxc6 {[%emt 0:00:07]} 7. Nc3 {[%emt 0:00:03]} d6 {[%emt
0:00:20]} 8. Bc4 {[%emt 0:00:07]} Nf6 {[%emt 0:00:13]} 9. Qd3 {[%emt 0:00:07]}
O-O { [%emt 0:00:23]} 10. O-O-O {[%emt 0:00:41]} Ng4 {[%emt 0:00:20]} 11. h3 {
[%emt 0:00:17]} Nxe3 {[%emt 0:00:22]} 12. Qxe3 {[%emt 0:00:07]} Qc7 {[%emt
0:00:28]} 13. Rhe1 {[%emt 0:00:25]} Rb8 {[%emt 0:00:14]} 14. Bb3 {[%emt
0:00:12]} Qb7 {[%emt 0:00:36]} 15. f4 {[%emt 0:00:09]} c5 {[%emt 0:00:11]} 16.
Na4 { [%emt 0:00:26]} Bd7 {[%emt 0:00:41]} 17. Nxc5 {[%emt 0:00:42]} dxc5
{[%emt 0:00:18]} 18. Qxc5 {[%emt 0:00:03]} Bc6 {[%emt 0:00:48]} 19. e5 {[%emt
0:00:44]} Bxg2 {[%emt 0:00:36]} 20. e6 {[%emt 0:00:14]} Rfc8 {[%emt 0:00:46]}
21. exf7+ { [%emt 0:00:08]} Kf8 {[%emt 0:00:04]} 22. Qe3 {[%emt 0:00:23]} Bf6
{[%emt 0:00:31]} 23. f5 {[%emt 0:00:40]} g5 {[%emt 0:00:16]} 24. h4 {[%emt
0:00:06]} h6 { [%emt 0:00:03]} 25. hxg5 {[%emt 0:00:13]} Bxg5 {[%emt 0:00:07]}
26. Qxg5 { [%emt 0:00:04]} hxg5 {[%emt 0:00:02]} 27. Rg1 {[%emt 0:00:02]} Bf3
{[%emt 0:00:04]} 28. Rxg5 {[%emt 0:00:03]} Rxc2+ {[%emt 0:01:23]} 29. Kxc2
{[%emt 0:00:04]} Qc6+ {[%emt 0:00:09]} 30. Kb1 {[%emt 0:00:06]} Rxb3 {[%emt
0:00:11]} 31. axb3 { [%emt 0:00:24]} Bxd1 {[%emt 0:00:05]} 32. Rg1 {[%emt
0:00:05]} Qc2+ {[%emt 0:00:05]} 33. Ka2 {[%emt 0:00:02]} Qxb3+ {[%emt 0:00:02]}
34. Ka1 {[%emt 0:00:04] } Kxf7 {[%emt 0:00:04]} 35. f6 {[%emt 0:00:04]} exf6
{[%emt 0:00:03]} 36. Rh1 { [%emt 0:00:03]} Qa4+ {[%emt 0:00:06]} 37. Kb1 {[%emt
0:00:02]} Qe4+ {[%emt 0:00:01]} 38. Ka1 {[%emt 0:00:02]} Qxh1 {[%emt 0:00:01]}
39. Ka2 {[%emt 0:00:01]} Qd5+ {[%emt 0:00:02]} 40. Ka1 {[%emt 0:00:03]} Bb3
{[%emt 0:00:04]} 41. Kb1 { [%emt 0:00:03]} Qd1# {[%emt 0:00:01]} 0-1

[Event "DSJ Weihnachtsturnier U16: Steinitz 2020"]
[Site ""]
[Date "2020.12.28"]
[Round "1"]
[White "Pfeffer, Samuel"]
[Black "Kraus, Joel"]
[Result "0-1"]
[Termination "normal"]
[Board "1.4"]
[WhiteElo "1487"]
[BlackElo "1291"]
[WhiteTeam "SV Werder Bremen"]
[BlackTeam "SG Rochade Kuppenheim 1979"]
[PlyCount "116"]
[WhiteFideId "16249160"]
[EventRounds "7"]
[EventType "team-swiss"]
[EventDate "2020.12.28"]

1. d4 {[%emt 0:00:03]} d5 {[%emt 0:00:04]} 2. c4 {[%emt 0:00:02]} dxc4 { [%emt
0:00:04]} 3. e4 {[%emt 0:00:07]} Nc6 {[%emt 0:00:10]} 4. d5 {[%emt 0:00:27]}
Ne5 {[%emt 0:00:14]} 5. Bf4 {[%emt 0:00:04]} f6 {[%emt 0:00:27]} 6. Bxe5 {
[%emt 0:00:08]} fxe5 {[%emt 0:00:03]} 7. Qh5+ {[%emt 0:00:04]} g6 {[%emt
0:00:04]} 8. Qxe5 {[%emt 0:00:02]} Nf6 {[%emt 0:00:25]} 9. Bxc4 {[%emt
0:00:04]} Qd6 {[%emt 0:00:18]} 10. Qxd6 {[%emt 0:00:05]} exd6 {[%emt 0:00:04]}
11. f3 { [%emt 0:00:07]} Bd7 {[%emt 0:00:06]} 12. Nc3 {[%emt 0:00:10]} O-O-O
{[%emt 0:00:03]} 13. Nge2 {[%emt 0:00:07]} Bg7 {[%emt 0:00:30]} 14. O-O {[%emt
0:00:17]} h5 {[%emt 0:00:15]} 15. Rac1 {[%emt 0:00:04]} h4 {[%emt 0:00:07]} 16.
Bb5 { [%emt 0:00:03]} Ne8 {[%emt 0:00:36]} 17. Bxd7+ {[%emt 0:00:07]} Rxd7
{[%emt 0:00:04]} 18. Nf4 {[%emt 0:00:19]} g5 {[%emt 0:00:30]} 19. Ne6 {[%emt
0:00:04]} h3 {[%emt 0:00:27]} 20. g3 {[%emt 0:00:27]} Nf6 {[%emt 0:00:32]} 21.
Nb5 { [%emt 0:00:04]} Ne8 {[%emt 0:00:28]} 22. Rc2 {[%emt 0:00:04]} Kb8 {[%emt
0:00:18]} 23. Rfc1 {[%emt 0:00:08]} Rh7 {[%emt 0:00:52]} 24. Nbxc7 {[%emt
0:00:04]} Nxc7 {[%emt 0:00:10]} 25. Nxc7 {[%emt 0:00:03]} Bd4+ {[%emt 0:00:06]}
26. Kh1 { [%emt 0:00:09]} Rxc7 {[%emt 0:00:36]} 27. Rxc7 {[%emt 0:00:14]} Rxc7
{[%emt 0:00:04]} 28. Rxc7 {[%emt 0:00:01]} Kxc7 {[%emt 0:00:02]} 29. b3 {[%emt
0:00:00]} b5 {[%emt 0:00:13]} 30. f4 {[%emt 0:00:07]} gxf4 {[%emt 0:00:14]} 31.
gxf4 { [%emt 0:00:00]} Kd7 {[%emt 0:00:02]} 32. a4 {[%emt 0:00:12]} bxa4 {[%emt
0:00:05]} 33. bxa4 {[%emt 0:00:00]} a5 {[%emt 0:00:02]} 34. f5 {[%emt 0:00:13]}
Ke7 {[%emt 0:00:03]} 35. e5 {[%emt 0:00:05]} dxe5 {[%emt 0:00:02]} 36. d6+ {
[%emt 0:00:02]} Kxd6 {[%emt 0:00:07]} 37. f6 {[%emt 0:00:02]} Ke6 {[%emt
0:00:02] Werder2-004 reconnected.} 38. f7 {[%emt 0:00:34]} Bc5 {[%emt 0:00:06]}
39. f8=Q {[%emt 0:00:04]} Bxf8 {[%emt 0:00:02]} 40. Kg1 {[%emt 0:00:04]} Kd5 {
[%emt 0:00:05]} 41. Kf2 {[%emt 0:00:02]} e4 {[%emt 0:00:02]} 42. Ke3 {[%emt
0:00:01]} Bh6+ {[%emt 0:00:07]} 43. Ke2 {[%emt 0:00:03]} Kd4 {[%emt 0:00:02]}
44. Ke1 {[%emt 0:00:06]} Kd3 {[%emt 0:00:02]} 45. Kd1 {[%emt 0:00:03]} e3
{[%emt 0:00:05]} 46. Ke1 {[%emt 0:00:04]} e2 {[%emt 0:00:03]} 47. Kf2 {[%emt
0:00:16]} Be3+ {[%emt 0:00:05]} 48. Ke1 {[%emt 0:00:02]} Bd2+ {[%emt 0:00:04]}
49. Kf2 { [%emt 0:00:02]} e1=Q+ {[%emt 0:00:02]} 50. Kf3 {[%emt 0:00:01]} Qe3+
{[%emt 0:00:04]} 51. Kg4 {[%emt 0:00:03]} Qf4+ {[%emt 0:00:03]} 52. Kxh3 {[%emt
0:00:04] } Qh6+ {[%emt 0:00:10] Werder2-004 reconnected.} 53. Kg3 {[%emt
0:00:25]} Ke3 { [%emt 0:00:10]} 54. h4 {[%emt 0:00:04]} Qf4+ {[%emt 0:00:03]}
55. Kh3 {[%emt 0:00:02]} Be1 {[%emt 0:00:08]} 56. Kg2 {[%emt 0:00:04]} Qg3+
{[%emt 0:00:03]} 57. Kh1 {[%emt 0:00:07]} Kf2 {[%emt 0:00:04]} 58. h5 {[%emt
0:00:07]} Qg2# { [%emt 0:00:02]} 0-1

[Event "DSJ Weihnachtsturnier U16: Steinitz 2020"]
[Site ""]
[Date "2020.12.28"]
[Round "1"]
[White "Ciolacu, Alessia-Mihaela"]
[Black "Burns, Mikala Tristan"]
[Result "1-0"]
[Termination "normal"]
[Board "2.1"]
[WhiteTitle "WFM"]
[WhiteElo "2052"]
[BlackElo "1574"]
[WhiteTeam "Schachverein Hemer 1932"]
[BlackTeam "SG Grün-Weiß Dresden"]
[PlyCount "73"]
[WhiteFideId "1252640"]
[BlackFideId "16288459"]
[EventRounds "7"]
[EventType "team-swiss"]
[EventDate "2020.12.28"]

1. d4 {[%emt 0:00:06]} Nf6 {[%emt 0:00:03]} 2. Nf3 {[%emt 0:00:02]} g6 { [%emt
0:00:01]} 3. Bg5 {[%emt 0:00:02]} Bg7 {[%emt 0:00:01]} 4. Nbd2 {[%emt 0:00:02]}
O-O {[%emt 0:00:01]} 5. e3 {[%emt 0:00:01]} d6 {[%emt 0:00:02]} 6. Bd3 {[%emt
0:00:05]} Nbd7 {[%emt 0:00:04]} 7. O-O {[%emt 0:00:03]} Qe8 {[%emt 0:00:06]} 8.
c3 {[%emt 0:00:10]} h6 {[%emt 0:00:10]} 9. Bh4 {[%emt 0:00:02]} e5 { [%emt
0:00:06]} 10. dxe5 {[%emt 0:00:28]} dxe5 {[%emt 0:00:04]} 11. Ne4 { [%emt
0:00:11]} Nxe4 {[%emt 0:00:08]} 12. Bxe4 {[%emt 0:00:00]} f5 {[%emt 0:00:02]}
13. Bd5+ {[%emt 0:00:01]} Kh8 {[%emt 0:00:05]} 14. Qa4 {[%emt 0:02:33]} c6
{[%emt 0:00:31]} 15. Bb3 {[%emt 0:00:53]} Nc5 {[%emt 0:00:24]} 16. Qb4 { [%emt
0:00:29]} Nxb3 {[%emt 0:00:04]} 17. axb3 {[%emt 0:00:00]} g5 {[%emt 0:00:55]}
18. Bxg5 {[%emt 0:00:03]} hxg5 {[%emt 0:00:04]} 19. Nxg5 {[%emt 0:00:01]} Qh5
{[%emt 0:00:07]} 20. f4 {[%emt 0:00:13]} e4 {[%emt 0:00:11]} 21. Rad1 { [%emt
0:00:32]} b6 {[%emt 0:00:20]} 22. Qe7 {[%emt 0:00:50]} Ba6 {[%emt 0:00:55]} 23.
Rd7 {[%emt 0:00:14]} Qg6 {[%emt 0:00:06]} 24. Ra1 {[%emt 0:00:12]} Bd3 {[%emt
0:00:26]} 25. Raxa7 {[%emt 0:00:41]} Rxa7 {[%emt 0:00:05]} 26. Rxa7 { [%emt
0:00:00]} Re8 {[%emt 0:00:22]} 27. Nf7+ {[%emt 0:00:12]} Kg8 {[%emt 0:00:07]}
28. Qxe8+ {[%emt 0:00:01]} Kh7 {[%emt 0:00:04]} 29. Ng5+ {[%emt 0:00:15]} Kh6
{[%emt 0:00:14]} 30. Qe7 {[%emt 0:00:44]} Qf6 {[%emt 0:00:59]} 31. Nf7+ { [%emt
0:00:38]} Kh7 {[%emt 0:01:06]} 32. Qxf6 {[%emt 0:00:06]} Bxf6 {[%emt 0:00:01]}
33. Ne5+ {[%emt 0:00:01]} Kh6 {[%emt 0:00:05]} 34. Nxd3 {[%emt 0:00:04] } exd3
{[%emt 0:00:00]} 35. Rd7 {[%emt 0:00:05]} Kg6 {[%emt 0:00:12]} 36. Rxd3 {[%emt
0:00:01]} Bd8 {[%emt 0:00:02]} 37. Rxd8 {[%emt 0:00:02]} 1-0

[Event "DSJ Weihnachtsturnier U16: Steinitz 2020"]
[Site ""]
[Date "2020.12.28"]
[Round "1"]
[White "Seymer, Adam"]
[Black "Leonard, Timo"]
[Result "0-1"]
[Termination "normal"]
[Board "2.2"]
[WhiteElo "1249"]
[BlackElo "1953"]
[WhiteTeam "SG Grün-Weiß Dresden"]
[BlackTeam "Schachverein Hemer 1932"]
[PlyCount "78"]
[WhiteFideId "34651802"]
[BlackFideId "16208757"]
[EventRounds "7"]
[EventType "team-swiss"]
[EventDate "2020.12.28"]

1. c4 {[%emt 0:00:09]} Nf6 {[%emt 0:00:03]} 2. Nc3 {[%emt 0:00:06]} g6 { [%emt
0:00:03]} 3. d4 {[%emt 0:00:07]} d5 {[%emt 0:00:04]} 4. cxd5 {[%emt 0:00:09]}
Nxd5 {[%emt 0:00:02]} 5. e4 {[%emt 0:00:12]} Nxc3 {[%emt 0:00:03]} 6. bxc3
{[%emt 0:00:03]} Bg7 {[%emt 0:00:01]} 7. Nf3 {[%emt 0:00:06]} c5 {[%emt
0:00:08]} 8. Bc4 {[%emt 0:00:57]} O-O {[%emt 0:00:27]} 9. O-O {[%emt 0:00:04]}
Nc6 { [%emt 0:00:40]} 10. Be3 {[%emt 0:00:12]} cxd4 {[%emt 0:00:36]} 11. Nxd4 {
[%emt 0:00:18]} Ne5 {[%emt 0:01:18]} 12. Be2 {[%emt 0:00:25]} Qc7 {[%emt
0:00:44]} 13. Nb5 {[%emt 0:01:21]} Qa5 {[%emt 0:00:05]} 14. Qd2 {[%emt
0:00:26]} a6 {[%emt 0:00:20]} 15. Nd4 {[%emt 0:00:37]} Rd8 {[%emt 0:00:36]} 16.
Rfc1 { [%emt 0:00:37]} Ng4 {[%emt 0:01:39]} 17. Bxg4 {[%emt 0:00:31]} Bxg4
{[%emt 0:00:07]} 18. Qb2 {[%emt 0:00:53]} Qc7 {[%emt 0:00:14]} 19. Rab1 {[%emt
0:00:17]} b5 {[%emt 0:00:13]} 20. h3 {[%emt 0:00:36]} Bd7 {[%emt 0:00:04]} 21.
Qd2 { [%emt 0:00:09]} e5 {[%emt 0:00:20]} 22. Nb3 {[%emt 0:00:54]} Bxh3 {[%emt
0:00:04]} 23. Qe2 {[%emt 0:00:08]} Be6 {[%emt 0:00:32]} 24. Nc5 {[%emt
0:00:14]} Bc4 {[%emt 0:00:12]} 25. Qc2 {[%emt 0:00:09]} Bf8 {[%emt 0:00:25]}
26. Nb3 { [%emt 0:00:12]} Bd3 {[%emt 0:00:08]} 27. Qb2 {[%emt 0:00:06]} Bxb1
{[%emt 0:00:05]} 28. Rxb1 {[%emt 0:00:02]} Rd3 {[%emt 0:00:20]} 29. Rc1 {[%emt
0:00:03]} Rc8 {[%emt 0:00:13]} 30. Nc5 {[%emt 0:00:02]} Bxc5 {[%emt 0:00:06]}
31. Bxc5 { [%emt 0:00:01]} Qxc5 {[%emt 0:00:02]} 32. Qe2 {[%emt 0:00:04]} Rxc3
{[%emt 0:00:05]} 33. Rd1 {[%emt 0:00:02]} Rc1 {[%emt 0:00:03]} 34. Rxc1 {[%emt
0:00:03]} Qxc1+ {[%emt 0:00:01]} 35. Kh2 {[%emt 0:00:02]} Qf4+ {[%emt 0:00:08]}
36. g3 { [%emt 0:00:02]} Qh6+ {[%emt 0:00:01]} 37. Kg2 {[%emt 0:00:02]} Rc1
{[%emt 0:00:03]} 38. Kf3 {[%emt 0:00:11]} Qh5+ {[%emt 0:00:03]} 39. g4 {[%emt
0:00:03]} Qh3# {[%emt 0:00:01]} 0-1

[Event "DSJ Weihnachtsturnier U16: Steinitz 2020"]
[Site ""]
[Date "2020.12.28"]
[Round "1"]
[White "Poggemann, Alexander"]
[Black "Aschenbach, Gustav"]
[Result "1-0"]
[Termination "time forfeit"]
[Board "2.3"]
[WhiteElo "1813"]
[BlackElo "1370"]
[WhiteTeam "Schachverein Hemer 1932"]
[BlackTeam "SG Grün-Weiß Dresden"]
[PlyCount "71"]
[WhiteFideId "16224167"]
[EventRounds "7"]
[EventType "team-swiss"]
[EventDate "2020.12.28"]

1. e4 {[%emt 0:00:05]} c5 {[%emt 0:00:03]} 2. c3 {[%emt 0:00:06]} d5 {[%emt
0:00:49]} 3. exd5 {[%emt 0:00:04]} Qxd5 {[%emt 0:00:02]} 4. d4 {[%emt 0:00:02]}
e6 {[%emt 0:00:33]} 5. Nf3 {[%emt 0:00:03]} Nf6 {[%emt 0:00:05]} 6. Be3 { [%emt
0:00:03]} Nc6 {[%emt 0:00:19]} 7. Be2 {[%emt 0:00:14]} Be7 {[%emt 0:00:08]} 8.
dxc5 {[%emt 0:00:05]} Bxc5 {[%emt 0:00:06]} 9. Qxd5 {[%emt 0:00:04]} Nxd5
{[%emt 0:00:12]} 10. Bxc5 {[%emt 0:00:02]} b6 {[%emt 0:00:15]} 11. Bd6 { [%emt
0:00:09]} Nce7 {[%emt 0:00:13]} 12. Bxe7 {[%emt 0:00:08]} Nxe7 {[%emt 0:00:03]}
13. O-O {[%emt 0:00:02]} O-O {[%emt 0:00:03]} 14. Nbd2 {[%emt 0:00:02]} Rd8
{[%emt 0:00:04]} 15. Rad1 {[%emt 0:00:02]} Bb7 {[%emt 0:00:05]} 16. Nb3 { [%emt
0:00:11]} Nd5 {[%emt 0:00:13]} 17. Nbd4 {[%emt 0:00:18]} Rd6 {[%emt 0:00:23]}
18. Nb5 {[%emt 0:00:14]} Rd7 {[%emt 0:00:05]} 19. c4 {[%emt 0:00:10]} Nf4
{[%emt 0:00:25]} 20. Rxd7 {[%emt 0:00:07]} Nxe2+ {[%emt 0:00:02]} 21. Kh1 {
[%emt 0:00:01]} Be4 {[%emt 0:00:15]} 22. Rfd1 {[%emt 0:00:11]} h6 {[%emt
0:00:10]} 23. Rd8+ {[%emt 0:00:03]} Rxd8 {[%emt 0:00:02]} 24. Rxd8+ {[%emt
0:00:04]} Kh7 {[%emt 0:00:00]} 25. Nxa7 {[%emt 0:00:06]} f5 {[%emt 0:00:07]}
26. Rd6 { [%emt 0:00:12]} Nf4 {[%emt 0:00:09]} 27. Rxb6 {[%emt 0:00:14]} g5
{[%emt 0:00:20]} 28. Kg1 {[%emt 0:00:12]} g4 {[%emt 0:00:06]} 29. Ne1 {[%emt
0:00:04]} Kg6 {[%emt 0:00:10]} 30. c5 {[%emt 0:00:08]} h5 {[%emt 0:00:08]} 31.
g3 {[%emt 0:00:12]} Nh3+ {[%emt 0:00:03]} 32. Kf1 {[%emt 0:00:03]} Bd5 {[%emt
0:00:04]} 33. c6 {[%emt 0:00:07]} Bc4+ {[%emt 0:00:03]} 34. Kg2 {[%emt
0:00:03]} Bd5+ { [%emt 0:00:03]} 35. f3 {[%emt 0:00:02]} gxf3+ {[%emt 0:00:23]}
36. Nxf3 { [%emt 0:00:13] TimeB} 1-0

[Event "DSJ Weihnachtsturnier U16: Steinitz 2020"]
[Site ""]
[Date "2020.12.28"]
[Round "1"]
[White "Quade, Luca"]
[Black "Yi, Danny"]
[Result "0-1"]
[Termination "normal"]
[Board "3.1"]
[BlackTitle "FM"]
[WhiteElo "1528"]
[BlackElo "2253"]
[WhiteTeam "SF Schwerin"]
[BlackTeam "SF 59 Kornwestheim"]
[PlyCount "42"]
[BlackFideId "12988588"]
[EventRounds "7"]
[EventType "team-swiss"]
[EventDate "2020.12.28"]

1. e4 {[%emt 0:00:06]} e5 {[%emt 0:00:02]} 2. Nf3 {[%emt 0:00:03]} Nc6 { [%emt
0:00:01]} 3. Bc4 {[%emt 0:00:04]} Bc5 {[%emt 0:00:02]} 4. b4 {[%emt 0:00:03]}
Bb6 {[%emt 0:00:07]} 5. Bb2 {[%emt 0:00:13]} d6 {[%emt 0:00:23]} 6. b5 { [%emt
0:00:13]} Na5 {[%emt 0:00:27]} 7. Bd5 {[%emt 0:00:23]} Nf6 {[%emt 0:00:24]} 8.
c4 {[%emt 0:00:35]} c6 {[%emt 0:01:02]} 9. c5 {[%emt 0:00:37]} cxd5 { [%emt
0:00:40]} 10. cxb6 {[%emt 0:00:06]} dxe4 {[%emt 0:00:01]} 11. Ng1 { [%emt
0:00:32]} Nc4 {[%emt 0:00:41]} 12. Qb3 {[%emt 0:00:24]} Nxb6 {[%emt 0:00:41]}
13. Nc3 {[%emt 0:00:12]} Be6 {[%emt 0:00:12]} 14. Qc2 {[%emt 0:00:08]} Rc8
{[%emt 0:00:10]} 15. Qb1 {[%emt 0:00:10]} Bf5 {[%emt 0:00:53]} 16. Nge2 { [%emt
0:00:16]} Bg6 {[%emt 0:00:23]} 17. Ng3 {[%emt 0:00:06]} e3 {[%emt 0:00:08]} 18.
Nf5 {[%emt 0:00:26]} exd2+ {[%emt 0:00:06]} 19. Kd1 {[%emt 0:00:20]} O-O {[%emt
0:00:08]} 20. Ba3 {[%emt 0:00:26]} Rxc3 {[%emt 0:00:13]} 21. Nxd6 { [%emt
0:01:01]} Bxb1 {[%emt 0:00:08]} 0-1

[Event "DSJ Weihnachtsturnier U16: Steinitz 2020"]
[Site ""]
[Date "2020.12.28"]
[Round "1"]
[White "Afonso, Nils"]
[Black "Focke, Yannick"]
[Result "1-0"]
[Termination "normal"]
[Board "3.2"]
[WhiteElo "1960"]
[BlackElo "1462"]
[WhiteTeam "SF 59 Kornwestheim"]
[BlackTeam "SF Schwerin"]
[PlyCount "81"]
[WhiteFideId "12990582"]
[EventRounds "7"]
[EventType "team-swiss"]
[EventDate "2020.12.28"]

1. d4 {[%emt 0:00:08]} d5 {[%emt 0:00:08]} 2. c4 {[%emt 0:00:02]} e6 {[%emt
0:00:02]} 3. Nc3 {[%emt 0:00:01]} Nf6 {[%emt 0:00:05]} 4. cxd5 {[%emt 0:00:02]}
exd5 {[%emt 0:00:11]} 5. Bg5 {[%emt 0:00:04]} Be7 {[%emt 0:00:17]} 6. e3 {
[%emt 0:00:02]} Nbd7 {[%emt 0:00:04]} 7. Bd3 {[%emt 0:00:02]} O-O {[%emt
0:00:04]} 8. Qc2 {[%emt 0:00:02]} c5 {[%emt 0:00:21]} 9. Nf3 {[%emt 0:00:57]}
h6 { [%emt 0:00:04]} 10. Bh4 {[%emt 0:00:04]} cxd4 {[%emt 0:00:17]} 11. Nxd4 {
[%emt 0:00:24]} Ne5 {[%emt 0:00:12]} 12. Be2 {[%emt 0:00:15]} Bg4 {[%emt
0:00:32]} 13. f3 {[%emt 0:00:18]} Be6 {[%emt 0:00:03]} 14. O-O {[%emt 0:00:06]}
Rc8 {[%emt 0:00:04]} 15. Rad1 {[%emt 0:00:07]} a6 {[%emt 0:00:16]} 16. Qb3 {
[%emt 0:00:17]} b5 {[%emt 0:00:14]} 17. e4 {[%emt 0:00:16]} Qb6 {[%emt 0:00:40]
} 18. Bf2 {[%emt 0:00:05]} Bc5 {[%emt 0:00:10]} 19. exd5 {[%emt 0:00:11]} Nxd5
{[%emt 0:00:57]} 20. Nxd5 {[%emt 0:00:04]} Qc6 {[%emt 0:00:13]} 21. Nxc6 {
[%emt 0:00:03]} Rxc6 {[%emt 0:00:08]} 22. Bxc5 {[%emt 0:00:09]} Rxc5 {[%emt
0:00:04]} 23. Ne7+ {[%emt 0:00:04]} Kh8 {[%emt 0:00:09]} 24. Qe3 {[%emt
0:00:04]} Rc7 {[%emt 0:00:26]} 25. Nd5 {[%emt 0:00:35]} Nc4 {[%emt 0:00:36]}
26. Bxc4 { [%emt 0:00:05]} Rxc4 {[%emt 0:00:02]} 27. b3 {[%emt 0:00:02]} Rc2
{[%emt 0:00:08]} 28. a4 {[%emt 0:00:30]} Rfc8 {[%emt 0:00:11]} 29. axb5 {[%emt
0:00:04]} axb5 {[%emt 0:00:04]} 30. Nf4 {[%emt 0:00:31]} R2c3 {[%emt 0:00:12]}
31. Qe5 { [%emt 0:00:27]} Bxb3 {[%emt 0:00:29]} 32. Qxb5 {[%emt 0:00:07]} Bxd1
{[%emt 0:00:06]} 33. Rxd1 {[%emt 0:00:09]} R3c5 {[%emt 0:00:17]} 34. Rd8+
{[%emt 0:00:19]} Kh7 {[%emt 0:00:26]} 35. Qd3+ {[%emt 0:00:03]} g6 {[%emt
0:00:06]} 36. Rxc8 {[%emt 0:00:02]} Rxc8 {[%emt 0:00:03]} 37. Nd5 {[%emt
0:00:05]} Rc1+ { [%emt 0:00:12]} 38. Kf2 {[%emt 0:00:02]} Rc5 {[%emt 0:00:19]}
39. Ne7 {[%emt 0:00:04]} Rc7 {[%emt 0:00:14]} 40. Qd8 {[%emt 0:00:02]} Rxe7
{[%emt 0:00:08]} 41. Qxe7 {[%emt 0:00:02] Schwerin002 resigns} 1-0